[Event "FICGS no engines 01 email"]
[Site "FICGS email"]
[Date "2011.11.04"]
[Round "1"]
[White "Zhogov, Yury"]
[Black "Davis, Mark"]
[Result "0-1"]
[WhiteElo "1800"]
[BlackElo "1372"]
[PlyCount "24"]
[EventDate "2011.??.??"]
[EventType "swiss (corr)"]
[EventRounds "1"]
[SourceTitle "Corr 2013"]
[Source "ChessBase"]
[SourceDate "2012.11.12"]
[SourceVersion "1"]
[SourceVersionDate "2012.11.12"]
[SourceQuality "1"]

1. d4 d5 2. c4 c6 3. Nc3 Nf6 4. Nf3 Bg4 5. Ne5 Bh5 6. Qb3 Qc7 7. Bf4 Qb6 8. e3 e6 9. c5 Qc7 10. Ng6 Bxg6 11. Bxc7 Na6 12. Bxa6 bxa6 0-1

[Event "OP-2011-0-01389"]
[Site "LSS email"]
[Date "2011.01.30"]
[Round "?"]
[White "Zhogov, Yury"]
[Black "Ezhov, Sergey"]
[Result "1-0"]
[WhiteElo "800"]
[BlackElo "612"]
[PlyCount "23"]
[EventDate "2011.01.24"]
[EventType "tourn (corr)"]
[EventRounds "4"]
[EventCountry "GER"]
[SourceTitle "Corr 2015"]
[Source "ChessBase"]
[SourceDate "2015.07.17"]
[SourceVersion "1"]
[SourceVersionDate "2015.07.17"]
[SourceQuality "1"]

1. d4 Nf6 2. c4 g6 3. g3 Bg7 4. Bg2 0-0 5. Nc3 e6 6. e4 Re8 7. Nge2 d6 8. 0-0 Nc6 9. h3 a6 10. Be3 b6 11. e5 dxe5 12. Bxc6 1-0

[Event "FICGS no engines 00 email"]
[Site "FICGS email"]
[Date "2010.11.14"]
[Round "1"]
[White "Zhogov, Yury"]
[Black "Davis, Mark"]
[Result "1-0"]
[WhiteElo "1800"]
[BlackElo "1402"]
[PlyCount "45"]
[EventDate "2010.??.??"]
[EventType "swiss (corr)"]
[EventRounds "1"]
[SourceTitle "Corr 2013"]
[Source "ChessBase"]
[SourceDate "2012.11.12"]
[SourceVersion "1"]
[SourceVersionDate "2012.11.12"]
[SourceQuality "1"]

1. d4 d5 2. c4 c6 3. Nf3 Nf6 4. Nc3 Bg4 5. Qb3 Qc7 6. Ne5 Bh5 7. cxd5 cxd5 8. Bf4 e6 9. Ng6 Qc8 10. Nxh8 Nbd7 11. f3 Be7 12. g4 Bg6 13. Nxg6 hxg6 14. Nb5 Kf8 15. Nc7 Nb6 16. Nxa8 Qxa8 17. Rc1 Nc4 18. e3 a5 19. Bxc4 dxc4 20. Qxc4 Bb4+ 21. Kf2 b6 22. a3 Be7 23. Qc8+ 1-0

[Event "OP-2010-0-01218"]
[Site "LSS email"]
[Date "2010.07.28"]
[Round "?"]
[White "Zhogov, Yury"]
[Black "Ausan, Leo Tito Jr"]
[Result "1-0"]
[WhiteElo "800"]
[BlackElo "1071"]
[PlyCount "63"]
[EventDate "2010.07.23"]
[EventType "tourn (corr)"]
[EventRounds "4"]
[EventCountry "GER"]
[SourceTitle "Telechess CBM 143"]
[Source "ChessBase"]
[SourceDate "2011.07.15"]
[SourceVersion "1"]
[SourceVersionDate "2011.07.15"]
[SourceQuality "1"]

1. d4 d5 2. c4 e6 3. Nc3 Nf6 4. Bg5 Be7 5. Nf3 0-0 6. e3 b6 7. cxd5 exd5 8. Ne5 Bb7 9. Bd3 Nbd7 10. f4 c5 11. Bb1 Nxe5 12. fxe5 Ne4 13. Nxe4 dxe4 14. Bxe7 Qxe7 15. 0-0 Rad8 16. Qg4 cxd4 17. Bxe4 dxe3 18. Rae1 Ba6 19. Rf3 e2 20. Bxh7+ Kxh7 21. Qh5+ Kg8 22. Rh3 f6 23. Qh7+ Kf7 24. Rg3 Qc5+ 25. Kh1 Rd1 26. Rxg7+ Ke8 27. Qh5+ Kd8 28. Rxd1+ exd1Q+ 29. Qxd1+ Kc8 30. Qd7+ Kb8 31. Qxa7+ Kc8 32. Qa8# 1-0

[Event "OP-2010-0-01218"]
[Site "LSS email"]
[Date "2010.07.28"]
[Round "?"]
[White "Zhogov, Yury"]
[Black "Tsuprik, Aleksandr"]
[Result "1-0"]
[WhiteElo "800"]
[BlackElo "1545"]
[PlyCount "69"]
[EventDate "2010.07.23"]
[EventType "tourn (corr)"]
[EventRounds "4"]
[EventCountry "GER"]
[SourceTitle "Telechess CBM 143"]
[Source "ChessBase"]
[SourceDate "2011.07.15"]
[SourceVersion "1"]
[SourceVersionDate "2011.07.15"]
[SourceQuality "1"]

1. d4 d5 2. c4 dxc4 3. Nc3 e6 4. e4 c5 5. d5 Nf6 6. Bxc4 exd5 7. exd5 Bg4 8. Qa4+ Bd7 9. Bb5 a6 10. Bxd7+ Qxd7 11. Qd1 Bd6 12. Nf3 0-0 13. 0-0 Qc7 14. Bg5 Ng4 15. h3 Ne5 16. Ne4 Nbd7 17. Nxd6 Qxd6 18. Bf4 Nxf3+ 19. Qxf3 Qf6 20. Rfd1 b5 21. Qg3 Qxb2 22. Rac1 c4 23. Rc3 g6 24. Rd2 Qb1+ 25. Kh2 Qf5 26. Rf3 Qe4 27. Re3 Qf5 28. d6 Ra7 29. Re7 b4 30. Rd4 c3 31. Bh6 c2 32. Rxb4 Qc5 33. Bxf8 Qxb4 34. Bh6 Qc5 35. Re8+ 1-0